Music Quiz

Random Music Quiz

Glenn Frey - The One You Love (Lyrics) Quiz Stats

 Plays Quiz not verified by Sporcle

Support Sporcle.
Go Orange.
Score 0/204 Timer 08:00
0 Plays Today
Lyric % Correct
I
98.2%
you
98.2%
a
98.2%
you
98.2%
love,
98.2%
you
98.2%
I
98.2%
you
98.2%
the
98.2%
You
98.2%
you
98.2%
the
98.2%
the
98.2%
you
98.2%
the
98.2%
you
98.2%
you
98.2%
you
98.2%
you
98.2%
you
98.2%
the
98.2%
you
98.2%
you
98.2%
the
98.2%
you
98.2%
love?
98.2%
you.
98.2%
the
98.2%
you
98.2%
the
98.2%
the
98.2%
you
98.2%
you
98.2%
the
98.2%
you
98.2%
you,
98.2%
you
98.2%
the
98.2%
you
98.2%
love?
98.2%
you.
98.2%
the
98.2%
to,
97.2%
who
97.2%
to
97.2%
who
97.2%
one
97.2%
who
97.2%
with
97.2%
one
97.2%
who
97.2%
to
97.2%
one
97.2%
to
97.2%
with
97.2%
one
97.2%
who
97.2%
to
97.2%
one
97.2%
to
97.2%
When
96.3%
do.
96.3%
When
96.3%
when
96.3%
when
96.3%
do?
96.3%
when
96.3%
know
95.4%
Lyric % Correct
what
95.4%
what
95.4%
on
95.4%
he
95.4%
he
95.4%
know
95.4%
your
95.4%
Are
95.4%
or
95.4%
are
95.4%
know
95.4%
What
95.4%
he
95.4%
what
95.4%
Your
95.4%
your
95.4%
Are
95.4%
or
95.4%
are
95.4%
know
95.4%
can
94.5%
you're
94.5%
it
94.5%
comes
94.5%
can
94.5%
you're
94.5%
gonna
94.5%
gonna
94.5%
loves
94.5%
goin'
94.5%
gonna
94.5%
gonna
94.5%
gonna
94.5%
comes
94.5%
gonna
94.5%
gonna
94.5%
loves
94.5%
goin'
94.5%
gonna
94.5%
gonna
94.5%
someone
93.6%
no
93.6%
say
93.6%
they
93.6%
say
93.6%
no
93.6%
they
93.6%
talk
92.7%
stay
92.7%
back
92.7%
stay
92.7%
back
92.7%
through.
91.7%
gotta
91.7%
through-
91.7%
gotta
91.7%
going
90.8%
there's
90.8%
in
90.8%
up
90.8%
cry
90.8%
they've
90.8%
lost
90.8%
thank
90.8%
stars
90.8%
There's
90.8%
up
90.8%
cry
90.8%
Lyric % Correct
they've
90.8%
lost
90.8%
thank
90.8%
stars
90.8%
need
89.9%
mind.
89.9%
above.
89.9%
mind.
89.9%
above.
89.9%
will
89%
but
89%
make
89%
Someone's
89%
Someone's
89%
but
89%
make
89%
Someone's
89%
Someone's
89%
friend,
88.1%
understand
88.1%
easy
88.1%
easy
88.1%
answer.
87.2%
phone.
87.2%
not
87.2%
made
86.2%
way
86.2%
this
86.2%
girl,
86.2%
it's
86.2%
his
85.3%
him
85.3%
Isn't
85.3%
Isn't
85.3%
his
85.3%
heard
84.4%
heart
84.4%
Said
83.5%
call
83.5%
Oh
83.5%
you'd
82.6%
soon.
82.6%
see
82.6%
number.
81.7%
blue?
81.7%
just
81.7%
took
80.7%
weren't
80.7%
guy,
80.7%
guy
80.7%
left
80.7%
nights
80.7%
over?
80.7%
arms,
79.8%
Only
78.9%
cryin'?
78.9%
those
78.9%
fair,
78.9%
sayin'
78%
alone,
77.1%
keeps
77.1%
remember
76.1%
still
75.2%
all
74.3%
all
74.3%
broken
67%
dreams,
66.1%
disappointment.
66.1%

You're not logged in!

Compare scores with friends on all Sporcle quizzes.
OR
Log In

From the Vault

Children's Literature Characters

by Chunklets

That must be why they're so short.
Remove Ads.
Support Sporcle.
Get the best of Sporcle when you Go Orange. This ad-free experience offers more features, more stats, and more fun while also helping to support Sporcle. Thank you for becoming a member.

Show Comments

Extras

Created Jan 19, 2016SourceReportNominate
Tags:glenn, Love, Remember

Top Quizzes Today


Score Distribution

Your Account Isn't Verified!

In order to create a playlist on Sporcle, you need to verify the email address you used during registration. Go to your Sporcle Settings to finish the process.

Report this User

Report this user for behavior that violates our Community Guidelines.

Details: